LEADER 01116nam a2200277 a 4500 001 000000128590 003 CaOOAMICUS 005 20120426114817.0 008 120426s2011 it ao u000 u ita r 020 $a978-88-16-60432-2 040 $aPUL$bita 082 04$a263 100 1 $aLanzi, Fernando.$0(OLS)http://pul/name/50360 245 10$aSantiago :$bsenso e storia di un pellegrinaggio /$cFernando e Gioia Lanzi. 260 $aMilano :$bJaca Book,$c2011. 300 $a239 p. :$bill., foto. ;$c32 cm. 650 4$aPellegrinaggi cristiani.$0(OLS)http://pul/subject/19101 700 1 $aLanzi, Gioia.$0(OLS)http://pul/name/50361 850 $aPUL 852 $aPUL$W1$xDP2 Religione 3$y114$m263 LANFE 3$j148957$qDDC 21$B147461$CPULBib$Z2$F147461 $H118807 $82 941 1 $a9 996 $6020$a978-88-16-60432-2$9(OLS)http://pul/number/149537 996 $6082$a263$9(OLS)http://pul/classification/1774 996 $6245$aSantiago :$bsenso e storia di un pellegrinaggio$9(OLS)http://pul/title/162500 996 $6260$aMilano :$bJaca Book$9(OLS)http://pul/publisher/47900 LEADER 01082nam a2200253 a 4500 001 000000141612 003 CaOOAMICUS 005 20150204103938.0 008 150204s2000 it a u000 u ita r 040 $aPUL$bita 100 1 $aCardini, Franco,$d1940-$0(OLS)http://pul/name/5528 245 10$aSignum gloriae :$bregalità sacra ed Europa cristiana /$cFranco Cardini, Gioia Lanzi. 260 $a[S.l.] :$bL'inchiostroblu$g2000 300 $a103 p. :$bill. ;$c27 cm 500 $aCatalogo della mostra. 500 $aIn testa al front.: Fondazione Cardinale Giacomo Lercaro, Istituto Veritas Splendor. 650 4$aIncoronazioni.$0(OLS)http://pul/subject/41229 700 1 $aLanzi, Gioia.$0(OLS)http://pul/name/50361 850 $aPUL 852 $aPUL$W1$xDP1 Fondo Capitani$y116$m8 A 61$j163435$qFondi$B163370$CPULBib$Z2$F163370 $HCap1414 $82 941 1 $a1 996 $6245$aSignum gloriae :$bregalità sacra ed Europa cristiana$9(OLS)http://pul/title/179228 996 $6260$a[S.l.] :$bL'inchiostroblu$9(OLS)http://pul/publisher/83134